000 00270nam a2200121Ia 4500
008 190216s9999||||xx |||||||||||||| ||und||
100 _aNull
245 4 _aThe Holy Qur`An
260 _bKing Fahd Qur`An Printing Complex
300 _a1258
650 _aArabic
942 _cBK
999 _c450
_d450